The pack quiz (minecraft) Stats

 Plays Quiz not verified by Sporcle

Score 0/11 Timer 08:00
0 Plays Today
Hint Answer % Correct
Who has three channels?Vik
96.1%
Who was accused of having no face? Preston
95.7%
Who did not come on the skiing trip to Canada?Preston
94.8%
Who is Australian?Lachlan
93.1%
Who is the flower king?Rob
91.4%
Who is colourblind?Asf jerome
90.5%
Who is the most subscribed?Bajancanadian
90.1%
Who grew up in Barbados?Mitch
90.1%
What series did they stream for two seasons?Htm
64.2%
What is Vilk's real name?Vikkram barn
17.2%
8.6%

You're not logged in!

Compare scores with friends on all Sporcle quizzes.
OR
Log In

Sporcle TV

Today on Sporcle TV


Watch our educational content, quiz creation guides, and fun videos on Sporcle TV.

Show Comments

Extras

Created Aug 27, 2015ReportNominate
Tags:Minecraft Quiz

Top Quizzes Today


Score Distribution

Your Account Isn't Verified!

In order to create a playlist on Sporcle, you need to verify the email address you used during registration. Go to your Sporcle Settings to finish the process.

Report this User

Report this user for behavior that violates our Community Guidelines.

Details: